Les joueurs récompensés par le Golden Boy - Statistiques

Statistiques générales
  • Ce quiz a été pris 112 fois
  • Le résultat moyen est 29 sur 51
Statistiques - réponses
Année Pays Club Joueur % Correct
2017 France Paris-Saint-Germain Mbappé
92%
2005 Argentine FC Barcelone Messi
90%
Argentine FC Barcelone Messi
90%
Argentine FC Barcelone Messi
90%
2013 France Juventus Pogba
89%
2019 Portugal Athlético Madrid Felix
88%
Portugal Manchester United Ronaldo
87%
Portugal Manchester United Ronaldo
87%
France Bayern Munich Coman
85%
France Bayern Munich Coman
85%
Belgique LOSC Lille Hazard
81%
France FC Barcelone Dembelé
80%
2015 France Manchester United Martial
76%
2018 Pays-Bas Juventus De Ligt
74%
Angleterre Borussia Dortmund Sancho
72%
Angleterre Manchester United Rashford
71%
Angleterre Manchester United Rashford
71%
Angleterre Everton Rooney
71%
2004 Angleterre Manchster United Rooney
71%
Angleterre Manchester United Rooney
71%
2010 Italie Manchester City Ballotelli
67%
Brésil Paris-Saint-Germain Marquinhos
64%
2007 Argentine Atlético Madrid Aguero
61%
Argentine Atlético Madrid Aguero
61%
2011 Allemagne Borussia Dortmund Gotze
59%
Belgique Everton Lukaku
59%
2016 Portugal Bayern Munich Sanches
59%
Angleterre Liverpool Alexander-Arnold
54%
2006 Espagne Arsenal Fabregas
53%
Espagne Arsenal Fabregas
53%
Espagne Atlético Madrid Torres
52%
Belgique Liverpool Origi
50%
Allemagne Bayer Leverkusen Havertz
49%
2012 Espagne Malaga Isco
49%
2014 Angleterre Liverpool Sterling
47%
Belgique Atlético Madrid Courtois
46%
Pays-Bas AS Rome Kluivert
46%
Espagne Arsenal Bellerin
39%
Angleterre Arsenal Walcott
38%
2009 Brésil AC Milan Pato
37%
Espagne FC Barcelone Bojan
33%
Monténégro Fiorentina Jovetic
30%
Allemagne FC Cologne Podolski
30%
Brésil FC Porto Anderson
29%
2008 Brésil Manchester United Anderson
29%
Allemagne Shalke 04 Draxler
27%
Angleterre Arsenal Wilshere
26%
2003 Pays-Bas Ajax Amsterdam Van der Vaart
24%
Espagne FC Barcelone Thiago
21%
Italie AC Milan El Shaarawy
18%
Espagne Atlético Madrid De Gea
13%
Aucun quiz correspondant
Distribution des résultats
% des personnes avec chaque résultat
Percentile par nombre de réponses
Votre historique - résultats
Vous n’avez pas pris ce quiz